Responses for Primetime Celebrity Jeopardy! game #4 - Sunday, October 16, 2022

2022-2023 Primetime Celebrity Jeopardy! semifinal game 1.

Contestants

[<< previous game]

Iliza Shlesinger, a comedian from New York City

Simu Liu, an actor from Mississauga, Ontario, Canada

Ike Barinholtz, an actor from Chicago, Illinois

[next game >>]

Jeopardy! Round responses

GAME ON
CURRENT EVENTS
POP MUSIC
7-LETTER WORDS
LET'S TAKE A WALK
AUTUMN
    $100 1
(Ike: [Pointing to Simu] He's Canadian.)
(IliZA!: Yeah, that's not fair.)
(Ike: He's gonna know that.)
(Simu: It was a Canadian-specific question.)

Scrabble

Simu
    $100 6
[Ike delivers the response and the next-clue selection in a Donald Trump impression, eliciting chuckles from Mayim.]
(IliZA!: [Holding up her signaling device] Is it working?)

Mar-a-Lago

Ike
    $100 11
Queen

Ike
    $100 17
cabbage

Simu
    $100 22
the Walkman

Simu
    $100 28
a World Series

Ike
    $200 2
Twister

Ike
    $200 7
mustard

Ike
    $200 12
The Beach Boys

Simu
    $200 18
laundry

Simu
    $200 23
walk the plank

Ike
    $200 29
an apple

IliZA!
    $300 3
Minecraft

Simu
    $300 8
Serena Williams

Ike
    $300 13
(IliZA!: Okay, it works.)

Amy Winehouse

IliZA!
    $300 19
[Ike gave both listed responses.]

shabbat (or the sabbath)

Ike
    $300 24
the walk of shame

Ike
    $300 30
the harvest

IliZA!
    $400 4
Jenga

Simu
    $400 9
(IliZA!: What is 311?)
(Mayim: No.)
(IliZA!: Ugh. Okay. It's not working, but cool.)

988

IliZA!
Triple Stumper
    $400 15
"This Is America"

IliZA!
    $1,300 20
a cabaret

Ike
    $400 25
(IliZA!: What is a high-wire? What is a tightrope?)
(Mayim: [*], yes.)

a tightrope walker

IliZA!
    $400 27
(Ike: What is carotene? What is [*]?)

beta carotene

Ike
    $500 5
darts

Ike
    $500 10
Salman Rushdie

Ike
    $500 16
Mumford and Sons

Ike
    $500 21
aspirin

Ike
    $500 26
go-go boots

IliZA!
    $500 14
(Ike: What are [*]?)
...
(Simu: What do you mean, "What are [*]?")
(Ike: [Collapsing] Oh, my God! That's not what I meant!)
(Simu: What do you mean by that, Ike?)
(Ike: You have to answer in the form of a question.)
(Simu: What--okay. [To IliZA!] Did you hear him? I heard him.)

Filipinos

Ike

Scores at the first commercial break (after clue 15):

Ike Simu IliZA!
$2,400 $1,000 $300

Scores at the end of the Jeopardy! Round:

Ike Simu IliZA!
$6,000 $1,400 $1,700

Double Jeopardy! Round responses

THE IN MEMORIAM SEGMENT 1922
FAMOUS NAMES ON THE MAP
DRAMA QUEENS
IT ALL STARTS WITH "U"
(Mayim: Well, each response does.)
SHAKESPEARE
THE 7 WONDERS OF THE ANCIENT WORLD
    $200 6
[Soft "in memoriam" music plays over the clues in this category.]

Hawaii

Ike
    $200 28
Saint Paul

IliZA!
    $200 26
Game of Thrones

Simu
    $200 23
a UFO

IliZA!
    $200 1
Hamlet

Simu
    $200 14
Zeus

Simu
    $400 7
World War I

Ike
    $400 27
Lewis & Clark

Ike
    $400 24
The Crown

Ike
    $400 18
(Mayim: Do you know this dance?)
(IliZA!: No! Is it like the Running Man?)
(Mayim: Me neither. No, I don't, I was just asking.)
(IliZA!: If I do it, do I get more money?)

Urkel

IliZA!
    $400 2
a stage

IliZA!
    $400 22
the pyramids

Simu
    $600 8
(Simu: I used to buy--yeah, I used to buy all my audition clothes at a [*].)

Ross

Simu
    $1,000 4
(Ike: [Accusingly, to IliZA!, upon her selection of the Daily Double] You were hunting. You were hunting.)
(IliZA!: I got the vibe.)
...
((IliZA!: What?!)

Pikes Peak

IliZA!
    $600 5
Vikings

Ike
    $600 17
Utopia

Ike
    $600 30
Macbeth

IliZA!
    $1,000 15
(Simu: What is a--what is a--what is a-a torch?)
...
(Simu: Brain fart. Brain fart.)
(IliZA!: I thought it was a sphinx.)

a lighthouse

Simu
    $800 11
breast cancer

IliZA!
    $800 20
(Simu: Uh, What is Cayman?)

the Cook Islands

SimuIliZA!
    $800 9
Guinevere

IliZA!
    $800 16
the ukulele

Simu
    $800 29
Falstaff

Ike
    $800 13
the Goths

Ike
    $1000 12
Alexander Bell

Simu
    $1000 19
the Bering Strait

Simu
    $1000 25
(IliZA!: What are The Ten Commandments?)

Elizabeth Taylor

IkeIliZA!
    $1000 10
udon

Ike
    $1000 3
(Ike: Who is King Henry VIII?)
...
(IliZA!: [Selecting] Oh, boy. Uh, druuum. Druum.)
(Mayim: Say again?)

King Richard III

Ike
Triple Stumper
    $1000 21
Babylon

Ike

Scores at the Double Jeopardy! Round commercial break (after clue 15):

Ike Simu IliZA!
$8,000 $2,400 $2,700

Scores at the end of the Double Jeopardy! Round:

Ike Simu IliZA!
$12,200 $4,000 $3,900

Triple Jeopardy! Round

BRAIN SURGEON'S TERMINOLOGY
JOHNNY GILBERT SPEAKS THE MOVIE LINE
(Mayim: You name the film.)
COLORFUL RESPONSES
MASCOTS
HISTORIC HISTORY OF YESTERDAY: A LOOK BACK
BUT WE REPEAT OURSELVES
    $300 26
amnesia

Simu
    $300 6
The Silence of the Lambs

Ike
    $300 18
blackmail

Ike
    $300 12
(IliZA!: What is the Duracell Rabbit?)
...
(IliZA!: Duracell?)
(Simu: Duracell Rabbit.)
((IliZA!: Am I from Mars?)
(Simu: That was fine.)
(IliZA!: Who has even said "Duracell" in the last decade? Like, how old am I?)
(Simu: We're giving Duracell a lot of exposure, though.)
(IliZA!: Can I get a bathrobe and some dentures?)
(Simu: That's some free advertising right there.)
(IliZA!: Oil?)
[IliZA collapses on her lectern before raising her hand.]
(Simu: Um, BRAIN SURGEON'S TERMINOLOGY for $900, please.)
(IliZA!: [Rises] I need brain surgery.)

the Energizer Bunny

SimuIliZA!
    $300 21
Thomas Jefferson

Ike
    $300 14
(IliZA!: Okay. Now that I know what this is...)

a tutu

IliZA!
    $600 16
arteries

IliZA!
    $600 7
Napoleon Dynamite

Ike
    $600 30
a greenhouse

IliZA!
    $600 11
Snap, Crackle & Pop

Ike
    $600 22
Germany

Simu
    $600 20
20/20

Simu
    $900 13
a hemisphere

IliZA!
    $900 8
Notting Hill

Simu
    $900 29
a blueprint

IliZA!
    $900 5
sheep

Ike
    $2,000 23
(IliZA!: You told me to do it all. That was your sage advice. Be like the Duracell Rabbit and go for it.)
...
(Simu: Who is Napoleon?)

Henry VIII

Simu
    $900 19
couscous

Ike
    $2,000 1
magnetic

IliZA!
    $1200 9
Pulp Fiction

IliZA!
    $400 27
(Simu: Naw, we're not doin'--we're not doin' the fortune favoring the bold. We're--we're gonna do--we're gonna do $400.)
[Boos from the audience]
(IliZA!: Look at how upset they are!)
(Mayim: You've upset the audience!)
(Ike: Has anyone ever been booed on Jeopardy!, ever?)
(Simu: Now it's me. Now it's me.)
...
(Simu: And now I know why I only bet $400.)

a red herring

Simu
    $1200 2
Chiquita

IliZA!
    $1200 25
the Manhattan Project

Ike
    $1200 17
Coco

Simu
    $1500 4
(IliZA!: It's the only gland anyone knows.)
(Simu: That's really--I was putting all my eggs in that basket, for sure.)
(Ike: That is the best gland. My favorite gland.)

the pituitary

Simu
    $1500 10
(IliZA!: What is A Streetcar Named Desire?)
...
[IliZA! collapses on her lectern.]
(Mayim: Come on, Iliza. Okay. You're okay.)
(IliZA!: [Rising] I'm okay. We don't need a medic.)

On the Waterfront

IkeIliZA!
    $1500 28
the Purple Heart

Ike
    $1500 3
(Simu: That's me. I'm the guy that got that.)

the Pillsbury Doughboy

Simu
    $1500 24
the Bay of Pigs

Simu
    $1500 15
(IliZA!: Also a sauce. Lest we forget the culinary arts.)
(Ike: And a print.)

tartar

IliZA!

Scores at the end of the Triple Jeopardy! Round:

Ike Simu IliZA!
$20,300 $10,000 $11,300

[wagering suggestions for these scores]

Final Jeopardy! Round responses

ANNUAL EVENTS
(Mayim: Having a midlife crisis or a break-up? First on the beach in San Francisco, moved to Nevada in 1991.)
...
(IliZA!: At least I played the part of the white girl. And I was true to character. I'm just gonna go downstairs. [Mimes disappearing underneath lectern])
SimuWhat is Burning Man? ♡ YOU MOM!!!
$10,000
IliZA!What is Coachella
$11,300
IkeWhat is Burning Man?
$2,301
Burning Man

Final scores:

Ike Simu IliZA!
$22,601 $20,000 $0
Winner: finalist 2nd place: $50,000 for Stop AAPI Hate 3rd place: $50,000 for the Cystic Fibrosis Foundation

Game dynamics:

Coryat scores:

Ike Simu IliZA!
$19,400 $13,400 $11,500
37 R
(including 1 DD),
1 W
24 R,
4 W
(including 3 DDs)
23 R
(including 1 DD),
5 W
(including 1 DD)

Combined Coryat: $44,300

[game clues] [game scores] [suggest correction]

Game tape date: 2022-09-11
The J! Archive is created by fans, for fans. Scraping, republication, monetization, and malicious use prohibited; this site may use cookies and collect identifying information. See terms. The Jeopardy! game show and all elements thereof, including but not limited to copyright and trademark thereto, are the property of Jeopardy Productions, Inc. and are protected under law. This website is not affiliated with, sponsored by, or operated by Jeopardy Productions, Inc. Join the discussion at JBoard.tv.